[Event "EU-ch 22nd"]
[Site "Terme Catez"]
[Date "2022.03.28"]
[Round "2"]
[White "Iskandarov, Misratdin"]
[Black "Sanikidze, Tornike"]
[Result "1-0"]
[WhiteElo "2577"]
[BlackElo "2439"]
[PlyCount "87"]
[EventDate "2022.03.27"]
[EventType "swiss"]
[EventRounds "11"]
[EventCountry "SLO"]
[SourceTitle "CBM 208"]
[Source "ChessBase"]
[SourceDate "2022.06.30"]
[SourceVersion "1"]
[SourceVersionDate "2022.06.30"]
[SourceQuality "1"]

1. e4 c6 2. Nc3 d5 3. Nf3 dxe4 4. Nxe4 Nf6 5. Qe2 Nxe4 6. Qxe4 Qa5 7. Qf4 Qf5 8. Qe3 Nd7 9. Bd3 Qc5 10. 0-0 Qxe3 11. fxe3 g6 12. b4 Bg7 13. Rb1 0-0 14. Bb2 Bxb2 15. Rxb2 c5 16. a3 a6 17. Be2 b5 18. a4 bxa4 19. Ra1 cxb4 20. Rxb4 Nc5 21. Rc4 Ne6 22. Rcxa4 Bb7 23. d4 Rfc8 24. c4 Bxf3 25. gxf3 Nc7 26. c5 e5 27. Bxa6 Rd8 28. Bc4 Rxa4 29. Rxa4 exd4 30. exd4 Kf8 31. Bb3 Ne6 32. Bxe6 fxe6 33. Kf2 Rd5 34. Ke3 Rh5 35. Ra2 Ke7 36. Kd3 Rh4 37. Ra7+ Kd8 38. c6 g5 39. Rd7+ Kc8 40. Re7 Rxh2 41. Rxe6 Rh3 42. Kc4 Kc7 43. Kd5 h5 44. Re7+ 1-0